Smerom k štandardnej štatistike. 1

Predseda Štatistického úradu SR Ing. Štefan Condík, CSc. a podpredsedovia ŠÚ SR Ing. Milutín Krištofič, CSc. a Ing. Juraj Schaner o Koncepcii transformácie a rozvoja štátnej štatistiky v SR, prijatej 9.8.1994 vládnym uznesením č. 828. Súčasné úlohy štatistiky, špecifiká jednotlivých štátov. Slovensk...

Descripción completa

Guardado en:
Detalles Bibliográficos
Autor principal: Dolgoš, Ľubomír
Formato: Capítulo de libro
Lenguaje:eslovaco
Materias:
Etiquetas: Agregar Etiqueta
Sin Etiquetas, Sea el primero en etiquetar este registro!

MARC

LEADER 00000naa a2200000 4500
001 r024296
005 20221205090422.0
041 0 |a slo 
044 |a SK 
245 1 0 |a Smerom k štandardnej štatistike. 1  |c Ľubomír Dolgoš 
520 |a Predseda Štatistického úradu SR Ing. Štefan Condík, CSc. a podpredsedovia ŠÚ SR Ing. Milutín Krištofič, CSc. a Ing. Juraj Schaner o Koncepcii transformácie a rozvoja štátnej štatistiky v SR, prijatej 9.8.1994 vládnym uznesením č. 828. Súčasné úlohy štatistiky, špecifiká jednotlivých štátov. Slovenská štatistika v zmenených podmienkach. Optimálny pomer primárnej a sekundárnej štatistiky. Dostupnosť administratívnych zdrojov. Mechanizmus štatistického zisťovania. Sekundárna štatistika a ochrana individuálnych dát. 
610 2 0 |a Slovensko 
610 2 0 |a 1994 
610 2 0 |a zisťovanie štatistické 
610 2 0 |a údaje štatistické 
610 2 0 |a Štatistický úrad SR Bratislava 
610 2 0 |a transformácia 
610 2 0 |a metódy štatistické 
100 1 |a Dolgoš, Ľubomír